| 000 | 00708nam a2200217Ia 4500 | ||
|---|---|---|---|
| 003 | IN-BaIIA | ||
| 008 | 211028s9999 xx 000 0 eng d | ||
| 040 | _cIIA Library | ||
| 080 |
_a538 _bPLA |
||
| 100 |
_aPlanck, Max _91927 |
||
| 245 | 0 |
_aTheory of electricity and magnetism _bvol. III, introduction to theoretical physics _cMax Planck; translated by Henry L. Brose |
|
| 260 |
_aLondon _bMacmillan _c1932 |
||
| 300 | _axii, 247p. | ||
| 500 | _aDonated by Mrs. Bappu | ||
| 650 |
_aElectricity _9527 |
||
| 650 |
_aElectromagnetism _9540 |
||
| 650 |
_aMagnetism _956 |
||
| 650 | _aNASA Thesaurus | ||
| 700 |
_aBrose, Henry L., tr. _912886 |
||
| 942 | _cBK | ||
| 999 |
_c7616 _d7616 |
||